000 00740nam a2200205Ia 4500
001 23416
003 GE_BSU
008 181216s||||||||xx |||||||||||||| ||und||
040 _cGE_BSU
245 _aМолекулярная генетика микробиология и вирусология №2. том 36, 2018
245 _cГл. ред.Костров С.В.
260 _aмосква
260 _c2018г.
300 _a116ст;29см;
653 _aМолекулярная генетика микробиология и вирусология №2. том 36, 2018
653 _aПериодика
653 _aმოლეკულური გენეტიკა
653 _aპერიოდიკა
942 _cCR
999 _c56303
_d56303